Flags of coutries and dependent territories - Statistics

General Stats
  • This quiz has been taken 25 times
    19 since last reset
  • The average score is 153 of 268
Answer Stats
Picture Hint Answer % Correct
Tanzania
93%
Tunisia
79%
Canada
71%
Colombia
71%
Croatia
71%
Afghanistan
64%
Albania
64%
Algeria
64%
Andorra
64%
Angola
64%
Antigua and Barbuda
64%
Argentina
64%
Armenia
64%
Austria
64%
Azerbaijan
64%
Bahamas
64%
Bahrain
64%
Bangladesh
64%
Barbados
64%
Belarus
64%
Belgium
64%
Bosnia and Herzegovina
64%
Botswana
64%
Brazil
64%
Bulgaria
64%
Cambodia
64%
Cape Verde
64%
Chile
64%
China
64%
Cook islands
64%
Costarica
64%
Cuba
64%
Cyprus
64%
Czechia
64%
Denmark
64%
Ecuador
64%
Egypt
64%
El Salvador
64%
England
64%
Estonia
64%
Eswatini
64%
Fiji
64%
Finland
64%
France
64%
Georgia
64%
Germany
64%
Greece
64%
Guam
64%
Guatemala
64%
Haiti
64%
Honduras
64%
Iceland
64%
India
64%
Indonesia
64%
Iran
64%
Iraq
64%
Ireland
64%
Israel
64%
Italy
64%
Ivory Coast
64%
Jamaica
64%
Japan
64%
Kazakhstan
64%
Kenya
64%
Kosovo
64%
Kuwait
64%
Kyrgyzstan
64%
Laos
64%
Latvia
64%
Lebanon
64%
Lesotho
64%
Liberia
64%
Libya
64%
Liechtenstein
64%
Luxembourg
64%
Madagascar
64%
Malaysia
64%
Maldives
64%
Malta
64%
Mexico
64%
Mikronesia
64%
Moldova
64%
Monaco
64%
Mongolia
64%
Montenegro
64%
Morocco
64%
Mozambique
64%
Nepal
64%
Netherlands
64%
New Zealand
64%
Nicaragua
64%
Nigeria
64%
North Korea
64%
North Macedonia
64%
Norway
64%
Pakistan
64%
Palau
64%
Panama
64%
Papua New Guinea
64%
Paraguay
64%
Peru
64%
Philippines
64%
Poland
64%
Portugal
64%
Qatar
64%
Romania
64%
Russia
64%
Saint Lucia
64%
San Marino
64%
Saudi Arabia
64%
Scotland
64%
Serbia
64%
Seychelles
64%
Sierra Leone
64%
Singapore
64%
Slovakia
64%
Slovenia
64%
Somalia
64%
South Africa
64%
South Korea
64%
Spain
64%
Sri Lanka
64%
Sweden
64%
Switzerland
64%
Syria
64%
Taiwan
64%
Thailand
64%
Timor Leste
64%
Trinidad and Tobago
64%
Turkey
64%
Turkmenistan
64%
Tuvalu
64%
Uganda
64%
Ukraine
64%
United Arab Emirates
64%
United Kingdom
64%
United States
64%
Uruguay
64%
Uzbekistan
64%
Vatican city
64%
Venezuela
64%
Vietnam
64%
Zambia
64%
American Samoa
57%
Aruba
57%
Australia
57%
Belize
57%
Benin
57%
Bhutan
57%
Brunei
57%
Burkina Faso
57%
Burundi
57%
Cameroon
57%
Central African Republic
57%
Christmas Island
57%
Comoros
57%
Djibouti
57%
Dominica
57%
Dominican Republic
57%
Equatorial Guinea
57%
Ethiopia
57%
Faroe Islands
57%
Ghana
57%
Greenland
57%
Grenada
57%
Guernsey
57%
Guinea
57%
Hongkong
57%
Hungary
57%
Jordan
57%
Kiribati
57%
Lithuania
57%
Malawi
57%
Mali
57%
Man islands
57%
Marshall Islands
57%
Mauritius
57%
Mayotte
57%
Myanmar
57%
Nauru
57%
New Caledonia
57%
Niger
57%
Oman
57%
Palestine
57%
Puerto Rico
57%
Rwanda
57%
Saint Kitts and Nevis
57%
Saint Vincent and the Grenadines
57%
Samoa
57%
Sao Tome and Principe
57%
Senegal
57%
Solomon Islands
57%
South Sudan
57%
Sudan
57%
Suriname
57%
Tajikistan
57%
Togo
57%
Tonga
57%
Vanuatu
57%
Wales
57%
Yemen
57%
Zimbabwe
57%
Aland Islands
50%
Anguilla
50%
Bolivia
50%
British Indian Ocean territory
50%
British Virgin Islands
50%
Chad
50%
Congo
50%
Curaçao
50%
French Guiana
50%
Gabon
50%
Gambia
50%
Gibraltar
50%
Guadeloupe
50%
Guinea Bissau
50%
Jersey
50%
Johnston
50%
Makau
50%
Martinique
50%
Mauritania
50%
Montserrat
50%
Namibia
50%
Norfolk island
50%
Northern Ireland
50%
Reunion
50%
Saba
50%
Saint Helena
50%
Sint Maarten
50%
Antarctica
43%
Bonaire
43%
Cayman Islands
43%
Cocos Islands
43%
Democratic Republic of Congo
43%
Falkland islands
43%
Guiana
43%
Niue
43%
Pitcairn
43%
Saint-Barthélemy
43%
Saint Pierre and Miquelon
43%
Sint Eustatius
43%
South Georgia and the South Sandwich Islands
43%
Tokelau
43%
Turks and Caicos
43%
Wallis and Futuna
43%
Western Sahara
43%
Ascension Island
36%
British antarctic territory
36%
Clipperton Island
36%
French Southern and Antarctic Lands
36%
Navassa
36%
Northern Mariana Islands
36%
Tristan da Cunha
36%
Wake
36%
To nie Australia Heard Island and McDonald Islands
29%
Kingman
29%
Midway
29%
It's not Norway Svalbard, Jan Mayen and Bouvet Island
29%
United States Virgin Islands
29%
Bermuda Islands
21%
Palmyra
21%
It’s not USA United States Minor Outlying Islands
21%
Howland, Jarvis and Baker
14%
It's not France Saint-Martin
14%
Akrotiri
7%
Dhekelia
7%
Erytrea
7%
French Polinesia
7%
No matching quizzes found
Score Distribution
Percent of People with Each Score
Percentile by Number Answered
Your Score History
You have not taken this quiz since the last reset